Представление документа в формате MARC21

ПолеНазваниеЗначение
  Тип записи a
  Библиографический уровень m
001 Контрольный номер RU\infra-m\znanium\bibl\2091395
005 Дата корректировки 20240827142101.9
008 Кодируемые данные 230728s2023 RU g rus u
020 Индекс ISBN __
a ISBN 978-5-7638-4667-6
040 Источник каталогиз. __
a Служба первич. каталог. Общество с ограниченной ответственностью «ЗНАНИУМ»
041 Код языка издания __
a Код языка текста rus
044 Код страны публикации __
a Код страны публикации RU
080 Индекс УДК __
a Индекс УДК 71
084 Индекс другой классификации/Индекс ББК __
2 Источник индекса rubbk
a Индекс другой классификации/Индекс ББК 8511
084 Индекс другой классификации/Индекс ББК __
2 Источник индекса okso
a Индекс другой классификации/Индекс ББК 07.04.03
084 Индекс другой классификации/Индекс ББК __
2 Источник индекса okso
a Индекс другой классификации/Индекс ББК 07.04.04
084 Индекс другой классификации/Индекс ББК __
2 Источник индекса okso
a Индекс другой классификации/Индекс ББК 38.04.04
100 Автор __
a Автор Рыбакова Г.Р.
q Полное имя Рыбакова Галина Раисовна
245 Заглавие __
a Заглавие Городские пространства для выгула собак в социокультурном контексте мегаполисов : системный подход
b Продолж. заглавия Монография
260 Выходные данные __
a Место издания Красноярск
b Издательство Сибирский федеральный университет
c Дата издания 2022
300 Физическое описание __
a Объем 240 с.
520 Аннотация __
a Аннотация Приведены результаты исследования проблемы дефицита мест выгула домашних животных в городе-мегаполисе ее экологические социальные аспекты. На основе методологии системного подхода обоснована потребность в наполнении города соответствующими элементами среды. Представлены результаты исследования нормативных литературных источников и международного опыта анализа итогов опроса горожан. Предназначена представителям органов местного самоуправления аспирантам чьи исследования связаны с экологией и социологией градостроительства обеспечением условий формирования комфортной городской среды.
521 Примеч. о цел. назн. __
a Примеч. о целев. назн. ВО - Магистратура
650 Тематические рубрики __
a Основная рубрика Архитектура. Искусство
x Основная подрубрика Градостроительство
655 Указ. предметных рубрик (устаревшее) __
a Жанр/ форма (устаревшее) Монография
700 Другие авторы __
a Другие авторы Дойко И.В.
q Полное имя Дойко Ирина Владимировна
700 Другие авторы __
a Другие авторы Гуленкова Г.С.
q Полное имя Гуленкова Галина Сергеевна
856 Электронный адрес документа 4_
a Имя сервера/домена znanium.com
m Помощь ebs_support@infra-m.ru
n Местонахождение сервера НИЦ ИНФРА-М
u URL https://znanium.com/catalog/document?id=432927
856 Электронный адрес документа 48
a Имя сервера/домена znanium.com
d Путь /cover/2091
f Электронное имя 2091395.jpg
q Тип электронного формата image/jpeg
u URL https://znanium.com/cover/2091/2091395.jpg
911 __
u 0030=https://znanium.com/catalog/document?id=432927